Advanced Organic Chemistry/ (Record no. 201250)

MARC details
000 -LEADER
fixed length control field 00659nam a22002057a 4500
005 - DATE AND TIME OF LATEST TRANSACTION
control field 20240306113538.0
010 ## - LCCN (DPL NO)
LC control number ENG-139555
020 ## - INTERNATIONAL STANDARD BOOK NUMBER
Terms of availability 1575.00
International Standard Book Number 9789355010049
035 ## - SYSTEM CONTROL NUMBER
System control number EN-123087
037 ## - SOURCE OF ACQUISITION
Source of stock number/acquisition DBAD/PUB
082 ## - DEWEY DECIMAL CLASSIFICATION NUMBER
Classification number 547
Edition number 6
100 ## - MAIN ENTRY--PERSONAL NAME
Personal name Arun Bhal
245 ## - TITLE STATEMENT
Title Advanced Organic Chemistry/
Statement of responsibility, etc Edited by Arun Bahl
Medium English
260 ## - PUBLICATION, DISTRIBUTION, ETC. (IMPRINT)
Place of publication, distribution, etc New Delhi
Name of publisher, distributor, etc S Chand And Company Limited
Date of publication, distribution, etc 2022
270 ## - ADDRESS
City New Delhi
Address A-27, 2nd Floor, Mohan Co-operative Industrial Estate
Postal code 10044
300 ## - PHYSICAL DESCRIPTION
Extent 1483p.
Dimensions 24cm(dbk)
700 ## - ADDED ENTRY--PERSONAL NAME
9 (RLIN) 62682
Personal name Bahl, Arun
Relator term Author
700 ## - ADDED ENTRY--PERSONAL NAME
Personal name Bahl, B.S.
Relator term Author
9 (RLIN) 62865
942 ## - ADDED ENTRY ELEMENTS (KOHA)
Source of classification or shelving scheme Dewey Decimal Classification
Item type English Books
Classification part 547
Call number suffix ADV
Edition 6
Holdings
Withdrawn status Lost status Not for loan Collection code Home library Current library Date acquired Source of acquisition Cost, normal purchase price Full call number Barcode Copy number Cost, replacement price Koha item type
      Non-fiction Bawana Bawana 06/03/2024 DBAD 1575.00 547 ADV EN-123087 1 1575.00 English Books

© Delhi Public Library
Hit Counter
free hit counter